All Islands In MSM (My Singing Monsters) Including DoF - Statistics

General Stats
  • This quiz has been taken 352 times
  • The average score is 23 of 29
Answer Stats
Island % Correct
Earth Island
99%
Plant Island
99%
Air Island
97%
Cold Island
97%
Water Island
96%
Fire Haven
92%
Bone Island
91%
Fire Oasis
91%
Light Island
87%
Ethereal Island
83%
Wublin Island
82%
Faerie Island
81%
Shugabush Island
81%
Gold Island
80%
Amber Island
79%
Psychic Island
79%
Cave Island
76%
Celestial Island
76%
Magical Sanctum
76%
Continent
75%
Mythical Island
74%
Party Island
74%
Cloud Island
73%
Space Island
71%
Tribal Island
71%
Seasonal Shanty
69%
Composer Island
61%
Starhenge
60%
The Colossingum
46%
No matching quizzes found
Score Distribution
Percent of People with Each Score
Percentile by Number Answered
Your Score History
You have not taken this quiz